000
00332 a2200109 4500
001
ART_8979
005
20260410161834.0
008
260409a
245
1
0
_a
La operativa aduanera de importación
100
1
_a
Fratalocchi, Aldo
773
0
_t
Contabilidad y administración
_g
- Año 3, Nº 33 (mar. 1980)
_w
REV5485
999
_c
23508
_d
23508